Produkčné sústavy vo vinohradníctve

Bibliographic Details
Main Author: Valachovič, Anton, 1939- (Author)
Format: Article
Language:Slovak
Subjects:

MARC

LEADER 00000nab a2200000 a 4500
001 vtls000652171
003 SK-MaSNL
005 20260426072149.0
008 180206c1998 xo 0 slo
015 |a SNBRA1998/02-04654 
035 |a CLN000004365 
040 |a SNKBUCL  |b slo  |c SNKBUCL  |e AACR2 
041 0 |a slo 
044 |a xo  |c SK 
080 |a 634.8(437.6):631.5  |2 UDC-MRF-SK2 
080 |a 631.5(437.6)  |2 UDC-MRF-SK2 
100 1 |a Valachovič, Anton,  |d 1939-  |4 aut  |9 28082 
245 1 0 |a Produkčné sústavy vo vinohradníctve  |c Anton Valachovič 
650 0 7 |a agrotechnika  |2 snkbucl  |9 680 
650 0 7 |a vinohradníctvo  |2 snkbucl  |9 1657 
651 7 |a Slovensko  |2 snkbucl  |9 14231 
655 7 |a články z novín a časopisov  |2 snkbucl  |9 267496 
773 0 |t Roľnícke noviny  |g Č. 38 (25.2.1998) 
773 0 |t [Príl.] Moderná mechanizácia  |g S. 7-8 
850 |a Slovenská národná knižnica v Martine 
852 |a SNK  |b KIS3GCP 
958 |a RBX 
999 |c 2685875  |d 2687805